[Event "World Rapid Women 2025"]
[Site "Doha QAT"]
[Date "2025.12.26"]
[Round "3.9"]
[White "Maltsevskaya, Aleksandra"]
[Black "Song, Yuxin"]
[Result "1/2-1/2"]
[WhiteTitle "IM"]
[BlackTitle "IM"]
[WhiteElo "2398"]
[BlackElo "2454"]
[WhiteFideId "24174041"]
[BlackFideId "8614300"]
[EventDate "2025.12.26"]

1. e4 c5 2. Nc3 d6 3. Bb5+ Bd7 4. Bxd7+ Qxd7 5. d4 cxd4 6. Qxd4 Nc6 7. Qd3 g6 8.
Nf3 Bg7 9. O-O Nf6 10. Bg5 O-O 11. Nd5 Ne8 12. Rad1 h6 13. Bh4 e6 14. Ne3 f5 15.
exf5 exf5 16. Nd5 g5 17. Bxg5 hxg5 18. Nxg5 Bh6 19. Qb3 Kh8 20. Qh3 Kg7 21. Qg3
Rg8 22. Ne4+ Kf7 23. Qxg8+ Kxg8 24. Nef6+ Nxf6 25. Nxf6+ Kf7 26. Nxd7 Ke7 27.
Nc5 dxc5 28. Rfe1+ Kf6 29. Rd6+ Kg5 30. Ree6 Bf8 31. Rd7 Nd4 32. Re3 Nxc2 33.
Rg3+ Kf6 34. Rg8 Ke6 35. Rxb7 Rd8 36. h4 Rd1+ 37. Kh2 Bd6+ 38. g3 Rd2 39. Rg6+
Ke5 40. Kg1 Ke4 41. Rd7 Rd1+ 42. Kg2 Ne1+ 43. Kh3 Nd3 44. Rgxd6 c4 45. Rxd3 cxd3
46. Kg2 Rd2 47. h5 Rxb2 48. Rxa7 Rb6 49. Rd7 Rh6 50. a4 Rxh5 51. Re7+ Kd4 52.
Kf3 Rh6 53. Kf4 Rd6 54. Re1 Rd5 55. a5 Rxa5 56. f3 d2 57. Rd1 Kd3 58. g4 fxg4
59. fxg4 Ke2 60. Rxd2+ Kxd2 61. g5 Ra4+ 62. Kf5 Ke3 63. g6 Ra5+ 64. Kf6 Kf4 65.
g7 Ra6+ 66. Kf7 Ra7+ 67. Kg6 Ra6+ 68. Kh7 Ra7 69. Kh8 Rxg7 70. Kxg7 1/2-1/2

[Event "World Rapid Women 2025"]
[Site "Doha QAT"]
[Date "2025.12.26"]
[Round "3.10"]
[White "Omonova, Umida"]
[Black "Ju, Wenjun"]
[Result "1/2-1/2"]
[WhiteTitle "WIM"]
[BlackTitle "GM"]
[WhiteElo "2294"]
[BlackElo "2565"]
[WhiteFideId "14210363"]
[BlackFideId "8603006"]
[EventDate "2025.12.26"]

1. e4 e5 2. Nf3 Nc6 3. Bc4 Nf6 4. d3 Bc5 5. O-O d6 6. c3 a5 7. Nbd2 O-O 8. h3
Be6 9. Re1 Ba7 10. Bb5 Ne7 11. Nf1 Ng6 12. Ng3 c6 13. Ba4 d5 14. exd5 Nxd5 15.
d4 exd4 16. Nxd4 Bd7 17. Bb3 Re8 18. Rxe8+ Qxe8 19. Bxd5 cxd5 20. Be3 Bb8 21.
Ndf5 Bxf5 22. Nxf5 Qe4 23. Ng3 Qe6 24. Nh5 Bc7 25. Bd4 f6 26. Qg4 Re8 27. Qxe6+
Rxe6 28. Kf1 Nh4 29. Rd1 Nf5 30. Bc5 b6 31. Ba3 Bd6 32. Rxd5 Bxa3 33. bxa3 Ne7
34. Rd7 Kf8 35. c4 Rc6 36. Nxg7 Rxc4 37. Ne6+ Ke8 38. Rd2 Rc3 39. a4 Ra3 40.
Nc7+ Kf7 41. Na8 Rxa4 42. Nxb6 Rb4 43. Nd5 Nxd5 44. Rxd5 a4 45. Rd2 h5 46. Ke2
Kg6 47. a3 Rb3 48. Rd3 Rb2+ 49. Kf3 Ra2 50. Kg3 Rb2 51. Re3 Rb3 52. Kf4 Rb2 53.
Rg3+ Kf7 54. Rf3 Re2 55. g4 hxg4 56. hxg4 Kg6 57. Kg3 Rb2 58. Re3 Rb3 59. Kf4
Rb2 60. f3 Ra2 61. Rd3 Ra1 62. Ke4 Kg5 63. Rc3 Ra2 64. Ke3 Ra1 65. Kf2 Kh4 66.
Ke3 Kg3 67. Ke4 Rf1 68. Re3 Rf2 69. Rd3 Rf1 70. Kf5 Rxf3+ 71. Rxf3+ Kxf3 72.
Kxf6 Kxg4 73. Ke5 Kg5 74. Kd4 Kf6 75. Kc4 Ke7 76. Kb4 Kd7 77. Kxa4 Kc8 78. Ka5
Kb7 79. a4 Ka7 1/2-1/2

[Event "World Rapid Women 2025"]
[Site "Doha QAT"]
[Date "2025.12.26"]
[Round "3.11"]
[White "Lei, Tingjie"]
[Black "Mungunzul, Bat-Erdene"]
[Result "1/2-1/2"]
[WhiteTitle "GM"]
[BlackTitle "WIM"]
[WhiteElo "2569"]
[BlackElo "2350"]
[WhiteFideId "8605114"]
[BlackFideId "4902831"]
[EventDate "2025.12.26"]

1. e4 e5 2. Nf3 Nc6 3. Bc4 Bc5 4. d3 Nf6 5. Be3 Bb6 6. O-O d6 7. a4 Be6 8. Bxe6
fxe6 9. Nbd2 O-O 10. c3 Bxe3 11. fxe3 d5 12. b4 Qd6 13. b5 Ne7 14. Qb3 Kh8 15.
Qa3 Ng6 16. c4 c5 17. Rae1 Rad8 18. exd5 exd5 19. d4 b6 20. cxd5 e4 21. dxc5
bxc5 22. Nc4 Qxd5 23. Nfd2 Ng4 24. h3 Nf6 25. Qc3 Qg5 26. Rf2 Rd3 27. Qc2 Rfd8
28. Ref1 h6 29. a5 Qd5 30. b6 axb6 31. axb6 Ne7 32. Qb2 Kh7 33. Rxf6 gxf6 34.
Qxf6 Qg5 35. Qxg5 hxg5 36. Rf7+ Kg6 37. Ne5+ Kh6 38. Nxe4 Rd1+ 39. Kh2 Nd5 40.
b7 Rb1 41. Nc6 Re8 42. Nxc5 Nxe3 43. b8=Q Rexb8 44. Nxb8 Rxb8 45. Rf6+ Kg7 46.
Re6 Nf5 47. Re5 Kg6 48. Ne4 Rb2 49. Re6+ Kh7 50. Nxg5+ Kg7 51. Nf3 Kf7 52. Re4
Nd6 53. Rd4 Ke6 54. Rd2 Rb1 55. g4 Ra1 56. h4 Ra3 57. Re2+ Kf6 58. Kg3 Ra4 59.
h5 Ra3 60. Re1 Ra4 61. g5+ Kg7 62. h6+ Kf7 63. g6+ Kf6 64. h7 Nf5+ 65. Kf2 Ra2+
66. Re2 Ra8 67. Rb2 Kxg6 68. Rb7 Ng7 69. Nh4+ Kxh7 70. Nf5 Rg8 71. Kf3 Kh8 72.
Ne7 Rf8+ 73. Kg4 Kh7 74. Rb1 Ne6 75. Re1 Rf4+ 76. Kg3 Rf6 77. Nd5 Rg6+ 78. Kf3
Kg7 79. Ke4 1/2-1/2

[Event "World Rapid Women 2025"]
[Site "Doha QAT"]
[Date "2025.12.26"]
[Round "3.12"]
[White "Lagno, Kateryna"]
[Black "Tokhirjonova, Gulrukhbegim"]
[Result "1/2-1/2"]
[WhiteTitle "GM"]
[BlackTitle "IM"]
[WhiteElo "2508"]
[BlackElo "2372"]
[WhiteFideId "14109336"]
[BlackFideId "14203626"]
[EventDate "2025.12.26"]

1. e4 e5 2. Nf3 Nc6 3. Bb5 a6 4. Ba4 Nf6 5. O-O Be7 6. Re1 b5 7. Bb3 O-O 8. d3
d6 9. c3 Na5 10. Bc2 c5 11. h3 Nc6 12. d4 cxd4 13. cxd4 exd4 14. Nxd4 Nb4 15.
Bb3 Bb7 16. Nc3 Re8 17. Nf5 Bf8 18. Bg5 h6 19. Bh4 g5 20. Bg3 Nxe4 21. Nxe4 Rxe4
22. Rxe4 Bxe4 23. Nxd6 Bg6 24. Qf3 Ra7 25. Ne4 Qd3 26. Nf6+ Kh8 27. Re1 Qxf3 28.
gxf3 Re7 29. Rc1 Nd3 30. Rc8 Kg7 31. Ne8+ Kh7 32. Kh2 Re2 33. Nf6+ Kg7 34. Ne8+
Kh7 35. Nf6+ Kg7 36. Ne8+ 1/2-1/2

[Event "World Rapid Women 2025"]
[Site "Doha QAT"]
[Date "2025.12.26"]
[Round "3.13"]
[White "Koneru, Humpy"]
[Black "Cori T., Deysi"]
[Result "1/2-1/2"]
[WhiteTitle "GM"]
[BlackTitle "IM"]
[WhiteElo "2535"]
[BlackElo "2349"]
[WhiteFideId "5008123"]
[BlackFideId "3801934"]
[EventDate "2025.12.26"]

1. Nf3 g6 2. g3 Bg7 3. Bg2 d6 4. d4 Nf6 5. O-O O-O 6. Re1 c5 7. c3 Nc6 8. dxc5
dxc5 9. Qxd8 Rxd8 10. Be3 c4 11. Na3 Nd5 12. Rad1 Be6 13. Bd4 f6 14. e4 Nc7 15.
Be3 Bf7 16. e5 h6 17. exf6 exf6 18. Nd2 Ne5 19. Bf4 Nd3 20. Bxc7 Nxe1 21. Bxd8
Rxd8 22. Bxb7 Bf8 23. Kf1 Bxa3 24. Kxe1 Bxb2 25. Ne4 Rb8 26. Rd7 f5 27. Nd6
Bxc3+ 28. Ke2 Be8 29. Re7 Kf8 30. Rxe8+ Rxe8+ 31. Nxe8 Kxe8 1/2-1/2

[Event "World Rapid Women 2025"]
[Site "Doha QAT"]
[Date "2025.12.26"]
[Round "3.14"]
[White "Shukhman, Anna"]
[Black "Divya, Deshmukh"]
[Result "0-1"]
[WhiteTitle "WGM"]
[BlackTitle "GM"]
[WhiteElo "2431"]
[BlackElo "2497"]
[WhiteFideId "54180058"]
[BlackFideId "35006916"]
[EventDate "2025.12.26"]

1. e4 g6 2. d4 Bg7 3. Nc3 d6 4. f4 Nc6 5. Be3 Nf6 6. Nf3 O-O 7. d5 Nb8 8. e5 Ng4
9. Bg1 dxe5 10. h3 Nh6 11. fxe5 c6 12. Qe2 cxd5 13. O-O-O Be6 14. g4 Nc6 15. Nd4
Qc7 16. Qd2 Kh8 17. Be3 Ng8 18. Ncb5 Qb8 19. Nxe6 fxe6 20. Nd4 Qxe5 21. c3 Rac8
22. g5 Nxd4 23. Bxd4 Qxd4 24. Qxd4 Bxd4 25. Rxd4 Rcd8 26. h4 e5 27. Ra4 a6 28.
h5 Kg7 29. hxg6 Kxg6 30. Rah4 Rf4 31. Bd3+ Kxg5 32. Rxh7 e4 33. Rg1+ Kf6 34. Be2
Ke6 35. Rgg7 Kd6 36. Kd2 Rff8 37. Rh1 Nf6 38. Rg3 Rh8 39. Rgh3 Rxh3 40. Rxh3 Rg8
41. Ke3 Ke5 42. a4 Rg1 43. Rh8 Rb1 44. b4 Rb3 45. Kd2 Ra3 46. Bd1 e3+ 47. Kc2
Ne4 48. Rh5+ Kd6 49. Rh6+ e6 50. Bg4 Rxc3+ 51. Kb2 Rc4 52. Rxe6+ Kc7 53. Re7+
Kb8 54. b5 axb5 55. axb5 Rb4+ 56. Kc2 Rxb5 57. Bf3 Ra5 58. Bxe4 dxe4 59. Rxe4
Ra2+ 60. Kb3 Re2 61. Kc3 Kc7 62. Kd3 Re1 63. Rc4+ 0-1

[Event "World Rapid Women 2025"]
[Site "Doha QAT"]
[Date "2025.12.26"]
[Round "3.15"]
[White "Muzychuk, Anna"]
[Black "Girya, Olga"]
[Result "1-0"]
[WhiteTitle "GM"]
[BlackTitle "GM"]
[WhiteElo "2518"]
[BlackElo "2398"]
[WhiteFideId "14111330"]
[BlackFideId "4195752"]
[EventDate "2025.12.26"]

1. e4 e5 2. Nf3 Nc6 3. Bb5 Nf6 4. O-O Nxe4 5. Re1 Nd6 6. Nxe5 Be7 7. Bf1 Nxe5 8.
Rxe5 O-O 9. d4 Bf6 10. Re1 Re8 11. Bf4 Rxe1 12. Qxe1 Ne8 13. c3 d5 14. Nd2 Bf5
15. Qe2 Nd6 16. Nb3 h6 17. h3 c6 18. Re1 Nc4 19. Qf3 Nxb2 20. Bxh6 Bg6 21. Bf4
a5 22. Be5 Bg5 23. Qg3 Nc4 24. Bxc4 dxc4 25. Nc5 Bh4 26. Qg4 b6 27. Ne6 Qd7 28.
Bxg7 fxe6 29. Qxg6 Qxg7 30. Qxe6+ Kh8 31. Re5 Bg5 32. Qxc6 Rg8 33. Qxc4 Bh6 34.
Qc6 Rf8 35. Qxb6 Rf6 36. Qd8+ Rf8 37. Qxa5 Qf6 38. Re2 Bf4 39. Qh5+ Kg7 40. Qg4+
Kh8 41. Qh5+ Kg7 42. Re4 Rb8 43. Qg4+ Bg5 44. f4 Rb1+ 45. Kh2 1-0

[Event "World Rapid Women 2025"]
[Site "Doha QAT"]
[Date "2025.12.26"]
[Round "3.16"]
[White "Khotenashvili, Bella"]
[Black "Zhurova, Anna"]
[Result "1-0"]
[WhiteTitle "GM"]
[BlackTitle "WFM"]
[WhiteElo "2426"]
[BlackElo "2299"]
[WhiteFideId "13602640"]
[BlackFideId "54113075"]
[EventDate "2025.12.26"]

1. Nf3 d5 2. g3 Nc6 3. d4 Bf5 4. c4 e6 5. Bg2 Be7 6. Nc3 h6 7. O-O Nf6 8. Ne5
O-O 9. Bf4 Nxe5 10. dxe5 Nd7 11. cxd5 g5 12. e4 Bh7 13. dxe6 fxe6 14. Qg4 Kh8
15. Be3 Nxe5 16. Qxe6 Bf6 17. Rad1 Qc8 18. Qxc8 Raxc8 19. Bc5 Rfe8 20. f4 gxf4
21. gxf4 Nc4 22. e5 Be7 23. Bf2 Nxb2 24. Rd2 Nc4 25. Rd4 Nb2 26. Bxb7 Rb8 27.
Be4 Bc5 28. Rd7 Rg8+ 29. Kh1 Bxe4+ 30. Nxe4 Bxf2 31. Nxf2 Nc4 32. Ne4 Ne3 33.
Re1 Nf5 34. Rxc7 Rb2 35. Nf6 Rg7 36. Rc8+ 1-0

[Event "World Rapid Women 2025"]
[Site "Doha QAT"]
[Date "2025.12.26"]
[Round "3.17"]
[White "Berend, Elvira"]
[Black "Injac, Teodora"]
[Result "1/2-1/2"]
[WhiteTitle "WGM"]
[BlackTitle "IM"]
[WhiteElo "2265"]
[BlackElo "2421"]
[WhiteFideId "4000510"]
[BlackFideId "932400"]
[EventDate "2025.12.26"]

1. d4 Nf6 2. Nf3 g6 3. e3 Bg7 4. Be2 O-O 5. b4 d6 6. Bb2 c5 7. b5 cxd4 8. exd4
a6 9. c4 d5 10. bxa6 Nxa6 11. O-O Be6 12. Nbd2 dxc4 13. Bxc4 Bxc4 14. Nxc4 Nb4
15. Qb3 Nbd5 16. a4 Qd7 17. Nfe5 Qf5 18. Rfe1 Rab8 19. Ba3 Rfe8 20. Ne3 Qe6 21.
N3c4 Qf5 22. Ne3 Qe6 23. N3c4 Qf5 24. Ne3 1/2-1/2

[Event "World Rapid Women 2025"]
[Site "Doha QAT"]
[Date "2025.12.26"]
[Round "3.18"]
[White "Shuvalova, Polina"]
[Black "Kulon, Klaudia"]
[Result "1-0"]
[WhiteTitle "IM"]
[BlackTitle "IM"]
[WhiteElo "2502"]
[BlackElo "2335"]
[WhiteFideId "24171760"]
[BlackFideId "1131044"]
[EventDate "2025.12.26"]

1. e4 e5 2. Nf3 Nc6 3. Bc4 Nf6 4. d3 h6 5. c3 d6 6. h3 g6 7. b4 Bg7 8. O-O O-O
9. Re1 d5 10. exd5 Nxd5 11. b5 Na5 12. Bxd5 Qxd5 13. c4 Qd8 14. Bb2 e4 15. Bxg7
Kxg7 16. Rxe4 Bf5 17. Rd4 Qf6 18. Nc3 c5 19. Ne4 Qe7 20. Rd5 Bxe4 21. Qe1 Nxc4
22. dxe4 Nb6 23. Qc3+ Kh7 24. Re5 Qd7 25. Qxc5 Rfe8 26. Rxe8 Rxe8 27. Re1 Rc8
28. Qe5 Re8 29. Qc5 Rc8 30. Qe5 Re8 31. Qf6 Re6 32. Qb2 Nc4 33. Qb4 Qd3 34. Qf8
Qd7 35. Qb4 Qd3 36. e5 Qd5 37. Qf8 Qd7 38. Re4 Re8 39. Qc5 Nb6 40. Rd4 Qe6 41.
a4 Qa2 42. Qc7 Nxa4 43. Rxa4 1-0

[Event "World Rapid Women 2025"]
[Site "Doha QAT"]
[Date "2025.12.26"]
[Round "3.19"]
[White "Krush, Irina"]
[Black "Savitha, Shri B"]
[Result "0-1"]
[WhiteTitle "GM"]
[BlackTitle "IM"]
[WhiteElo "2402"]
[BlackElo "2334"]
[WhiteFideId "2012782"]
[BlackFideId "35061887"]
[EventDate "2025.12.26"]

1. d4 d5 2. c4 e6 3. Nc3 Nf6 4. Bg5 Be7 5. e3 h6 6. Bh4 O-O 7. Qc2 Na6 8. Rd1 b6
9. a3 Bb7 10. Nf3 c5 11. cxd5 exd5 12. dxc5 Nxc5 13. Bc4 Rc8 14. O-O Nce4 15.
Bb3 Nxc3 16. bxc3 Ne4 17. Bxe7 Qxe7 18. Bxd5 Bxd5 19. Rxd5 Nxc3 20. Rd3 Qxa3 21.
Nd4 Qb4 22. Ra1 Nb5 23. Qd1 Nc3 24. Qd2 a5 25. g3 Nd5 26. Qd1 Nf6 27. Rb1 Qc5
28. Rb5 Qc7 29. Qb3 Rfd8 30. Rxb6 Rb8 31. Rxb8 Rxb8 32. Qa2 Qc1+ 33. Kg2 Rb1 34.
Ne2 Qf1+ 35. Kf3 Qh1+ 36. Kf4 Qe4# 0-1

[Event "World Rapid Women 2025"]
[Site "Doha QAT"]
[Date "2025.12.26"]
[Round "3.20"]
[White "Priyanka, Nutakki"]
[Black "Khademalsharieh, Sarasadat"]
[Result "0-1"]
[WhiteTitle "WGM"]
[BlackTitle "IM"]
[WhiteElo "2292"]
[BlackElo "2414"]
[WhiteFideId "25049615"]
[BlackFideId "12512214"]
[EventDate "2025.12.26"]

1. d4 Nf6 2. Bf4 e6 3. e3 Be7 4. c4 d5 5. Nc3 O-O 6. Nf3 b6 7. Bd3 Ba6 8. cxd5
Bxd3 9. Qxd3 exd5 10. O-O c6 11. h3 Nbd7 12. Rac1 Re8 13. Rfd1 h6 14. Ne5 Rc8
15. Qa6 Nxe5 16. dxe5 Nd7 17. e4 Nc5 18. Qe2 d4 19. Qg4 Bg5 20. Ne2 Ne6 21. Bxg5
hxg5 22. h4 gxh4 23. f4 c5 24. b3 b5 25. b4 d3 26. f5 Qg5 27. Qxg5 Nxg5 28. Rxd3
Rxe5 29. bxc5 Rexc5 30. Rxc5 Rxc5 31. Nc3 b4 32. Nd5 Nxe4 33. Nxb4 Rc1+ 34. Kh2
Nf2 35. Rd8+ Kh7 36. g3 h3 37. g4 Rh1+ 38. Kg3 Ne4+ 39. Kf4 h2 0-1

[Event "World Rapid Women 2025"]
[Site "Doha QAT"]
[Date "2025.12.26"]
[Round "3.21"]
[White "Vantika, Agrawal"]
[Black "Nomin-Erdene, Davaademberel"]
[Result "0-1"]
[WhiteTitle "IM"]
[BlackTitle "IM"]
[WhiteElo "2369"]
[BlackElo "2312"]
[WhiteFideId "25050389"]
[BlackFideId "4900782"]
[EventDate "2025.12.26"]

1. d4 d5 2. c4 e6 3. Nf3 Nf6 4. g3 dxc4 5. Bg2 Bb4+ 6. Bd2 a5 7. a3 Bxd2+ 8.
Nbxd2 b5 9. b3 cxb3 10. Qxb3 c6 11. O-O O-O 12. Rfc1 h6 13. Qb2 Nd5 14. Ne5 Bd7
15. Ne4 Be8 16. Nc5 Qe7 17. h4 f6 18. Ned3 Na6 19. Nb3 Nac7 20. Qd2 a4 21. Na5
Ra6 22. Nb7 Ra7 23. Nbc5 Nb6 24. Nb4 Ncd5 25. e4 Nxb4 26. Qxb4 Bf7 27. Nd3 Nc4
28. e5 Be8 29. Qc3 Qf7 30. Ra2 Qe7 31. Re1 f5 32. Nc5 f4 33. Be4 fxg3 34. fxg3
Nb6 35. Raa1 Nd5 36. Qd2 Bh5 37. Rf1 Raa8 38. Bc2 Bg4 39. Bg6 Rad8 40. Qd3 Bh3
41. Rxf8+ Rxf8 42. h5 Bf5 43. Qd2 Bxg6 44. hxg6 Qe8 45. Qd3 Rf5 46. Ne4 Qxg6 47.
Rc1 Rf4 48. Re1 Rg4 49. Qf3 Ne7 50. Re3 Nf5 51. Rd3 Nh4 52. Qe2 Rxe4 53. Qc2
Rxd4 54. Qxc6 Rxd3 55. Qc8+ Kh7 0-1

[Event "World Rapid Women 2025"]
[Site "Doha QAT"]
[Date "2025.12.26"]
[Round "3.22"]
[White "Mkrtchyan, Mariam"]
[Black "Mammadzada, Gunay"]
[Result "1/2-1/2"]
[WhiteTitle "WIM"]
[BlackTitle "IM"]
[WhiteElo "2353"]
[BlackElo "2390"]
[WhiteFideId "13310828"]
[BlackFideId "13403729"]
[EventDate "2025.12.26"]

1. d4 Nf6 2. c4 e6 3. Nf3 d5 4. Nc3 c6 5. e3 Nbd7 6. Be2 Bd6 7. O-O O-O 8. b3
Ne4 9. Qc2 f5 10. a4 Qe7 11. Nb1 a5 12. Ba3 Bb4 13. Bxb4 axb4 14. Ne1 f4 15. Bd3
fxe3 16. Bxe4 dxe4 17. fxe3 Rxf1+ 18. Kxf1 Qh4 19. h3 e5 20. Qf2 Qe7 21. Nc2 Nf6
22. Nd2 Bd7 23. Kg1 Nh5 24. Rf1 exd4 25. exd4 Rf8 26. Qxf8+ Qxf8 27. Rxf8+ Kxf8
28. Kf2 Nf4 29. h4 Bf5 30. g3 Nd3+ 31. Ke3 c5 32. Nxe4 Nc1 33. dxc5 Nxb3 34. c6
bxc6 35. Nxb4 Bxe4 36. Kxe4 Nc5+ 37. Kd4 Nxa4 38. Nxc6 Kf7 39. c5 h5 40. Ne5+
Ke6 41. Nd3 Kf5 42. c6 Nb6 43. Ne5 Na8 44. Nc4 Nc7 45. Ne3+ Ke6 46. Kc5 Ke5 47.
Kb6 Ne6 48. c7 Nxc7 49. Kxc7 Ke4 50. Nf1 Kf3 51. Kd6 Kf2 52. Ke5 Kxf1 53. Kf4
Kg2 54. Kg5 Kxg3 55. Kxh5 g6+ 56. Kg5 Kh3 57. Kxg6 Kxh4 1/2-1/2

[Event "World Rapid Women 2025"]
[Site "Doha QAT"]
[Date "2025.12.26"]
[Round "3.23"]
[White "Jiang, Tianyu"]
[Black "Bodnaruk, Anastasia"]
[Result "1-0"]
[BlackTitle "IM"]
[WhiteElo "2224"]
[BlackElo "2357"]
[WhiteFideId "8627215"]
[BlackFideId "4181751"]
[EventDate "2025.12.26"]

1. e4 c5 2. Nf3 d6 3. Bb5+ Nd7 4. d4 cxd4 5. Qxd4 a6 6. Be2 e5 7. Qe3 Be7 8. c4
Ngf6 9. Nc3 O-O 10. O-O Nc5 11. Rd1 Ng4 12. Qd2 f5 13. exf5 Bxf5 14. b4 Ne6 15.
Nd5 e4 16. Nd4 Nxd4 17. Nxe7+ Qxe7 18. Qxd4 Rad8 19. Bf4 Qh4 20. h3 Nf6 21. Bxd6
Rxd6 22. Qxd6 e3 23. fxe3 Ne4 24. Qf4 Qe7 25. Rf1 Nd2 26. Rfd1 Bc2 27. Qd4 Bxd1
28. Rxd1 Rd8 29. Qc3 Ne4 30. Rxd8+ Qxd8 31. Qd4 Qe7 32. c5 h6 33. Bf3 Ng5 34.
Bd5+ Kh8 35. e4 Qe8 36. Bxb7 Qg6 37. Qe3 Nf7 38. c6 Qd6 39. Qc5 Qd1+ 40. Kh2 Ng5
41. Qf8+ Kh7 42. Qf5+ Kh8 43. Qf8+ Kh7 44. c7 Qa1 45. Qf5+ 1-0

[Event "World Rapid Women 2025"]
[Site "Doha QAT"]
[Date "2025.12.26"]
[Round "3.24"]
[White "Salimova, Nurgyul"]
[Black "Francisco Guecamburu, Candela Be"]
[Result "1-0"]
[WhiteTitle "IM"]
[BlackTitle "WGM"]
[WhiteElo "2396"]
[BlackElo "2238"]
[WhiteFideId "2915138"]
[BlackFideId "160911"]
[EventDate "2025.12.26"]

1. d4 d5 2. c4 dxc4 3. Nf3 Nf6 4. e3 e6 5. Bxc4 a6 6. O-O b5 7. Bd3 Bb7 8. Re1
Nbd7 9. e4 c5 10. d5 c4 11. Bc2 e5 12. Nbd2 Bd6 13. Nf1 O-O 14. Ng3 g6 15. h4
Re8 16. h5 Qb6 17. Nh4 Be7 18. Be3 Nc5 19. hxg6 hxg6 20. b4 cxb3 21. Bxb3 Qd8
22. Nxg6 fxg6 23. d6+ Nxb3 24. Qxb3+ Kg7 25. dxe7 Qxe7 26. Bg5 Qf7 27. Qb2 Rac8
28. Rad1 Rc4 29. Rd6 Nh7 30. Qd2 Bc8 31. Rd1 Be6 32. Bh6+ Kh8 33. Qb2 Qf6 34.
Rxa6 Rd4 35. Rxd4 exd4 36. Qxb5 g5 37. Qxe8+ 1-0

[Event "World Rapid Women 2025"]
[Site "Doha QAT"]
[Date "2025.12.26"]
[Round "3.25"]
[White "Nguyen Hong Nhung"]
[Black "Padmini, Rout"]
[Result "0-1"]
[WhiteTitle "FM"]
[BlackTitle "IM"]
[WhiteElo "2268"]
[BlackElo "2354"]
[WhiteFideId "12412201"]
[BlackFideId "5029295"]
[EventDate "2025.12.26"]

1. e4 e5 2. Nf3 Nc6 3. d4 exd4 4. Bc4 Nf6 5. O-O Nxe4 6. Re1 d5 7. Bxd5 Qxd5 8.
Nc3 Qa5 9. Nxe4 Be7 10. Bg5 f6 11. Bf4 O-O 12. Nxd4 Nxd4 13. Qxd4 Be6 14. Qc3
Qxc3 15. Nxc3 Kf7 16. Bxc7 Bb4 17. Re3 Rac8 18. Bg3 Bxc3 19. bxc3 Rfe8 20. f3
Bf5 21. Rae1 Rxe3 22. Rxe3 Rd8 23. Re2 Rd1+ 24. Kf2 Be6 25. a3 Bc4 26. Re4 b5
27. Rd4 Rc1 28. Rd2 g5 29. h4 h6 30. hxg5 hxg5 31. Bd6 a5 32. Bc7 a4 33. Bd6 f5
34. Ke3 Ke6 35. Bc5 f4+ 36. Kd4 Re1 37. Bb6 Re5 38. Rf2 Rd5+ 39. Ke4 Rd1 0-1

[Event "World Rapid Women 2025"]
[Site "Doha QAT"]
[Date "2025.12.26"]
[Round "3.26"]
[White "Assaubayeva, Bibisara"]
[Black "Aydin, Gulenay"]
[Result "1-0"]
[WhiteTitle "GM"]
[BlackTitle "WIM"]
[WhiteElo "2497"]
[BlackElo "2259"]
[WhiteFideId "13708694"]
[BlackFideId "34557431"]
[EventDate "2025.12.26"]

1. e4 d6 2. d4 Nf6 3. Nc3 e5 4. Nf3 Nbd7 5. Bc4 Be7 6. O-O O-O 7. Re1 c6 8. a4
h6 9. h3 Re8 10. Be3 exd4 11. Bxd4 Nf8 12. Qd2 Be6 13. Bf1 d5 14. Bxf6 Bxf6 15.
e5 Be7 16. Nd4 a5 17. f4 Bc5 18. Kh2 Bxd4 19. Qxd4 Bf5 20. Bd3 Qd7 21. Rad1 Ng6
22. Qf2 Re7 23. g4 Bxd3 24. cxd3 d4 25. Ne4 Rf8 26. Qg3 f6 27. exf6 gxf6 28. f5
Nh8 29. Re2 Kg7 30. Rde1 Nf7 31. Nc5 Rxe2+ 32. Rxe2 Qd5 33. Ne6+ Kg8 34. Nxf8
Kxf8 35. Qf4 Kg7 36. Qe4 Qd6+ 37. Kg2 Ne5 38. h4 Qd5 39. Kg3 Qd6 40. Qf4 Qd5 41.
g5 hxg5 42. hxg5 Qh1 43. gxf6+ Kf7 44. Qxe5 Qg1+ 45. Rg2 1-0

[Event "World Rapid Women 2025"]
[Site "Doha QAT"]
[Date "2025.12.26"]
[Round "3.27"]
[White "Khamdamova, Afruza"]
[Black "Nandhidhaa, P V"]
[Result "1-0"]
[WhiteTitle "WGM"]
[BlackTitle "WGM"]
[WhiteElo "2403"]
[BlackElo "2257"]
[WhiteFideId "14210444"]
[BlackFideId "5050847"]
[EventDate "2025.12.26"]

1. e4 c5 2. Nf3 Nc6 3. d4 cxd4 4. Nxd4 e5 5. Nb5 d6 6. c4 g6 7. Bd3 a6 8. N5c3
Bg7 9. O-O Be6 10. Be3 Rc8 11. Na3 Nf6 12. h3 O-O 13. Qd2 Nh5 14. Nd5 Nd4 15.
Rac1 Kh8 16. Nc2 Nxc2 17. Rxc2 f5 18. Bg5 Qe8 19. Be7 Rf7 20. Bxd6 Rd8 21. c5
Qd7 22. Nb6 Qc6 23. Nc4 fxe4 24. Be2 Qe8 25. Bxh5 gxh5 26. Qe3 Bd5 27. Qg5 Bf6
28. Qxh5 Qg8 29. Bxe5 Re8 30. Bxf6+ Rxf6 31. Ne3 Bxa2 32. Rd2 Bf7 33. Qh4 Rg6
34. Rd6 Qg7 35. Rxg6 Bxg6 36. b4 Qc3 37. Rd1 Rf8 38. Qe7 Rf7 39. Qd8+ Kg7 40.
Qd4+ Qxd4 41. Rxd4 Rc7 42. Rd6 a5 43. Nd5 Rc8 44. Rd7+ Kf8 45. Ne7 Ra8 46. Nxg6+
hxg6 47. Rxb7 a4 48. c6 Ke8 49. c7 Rc8 50. b5 Kd7 51. b6 a3 52. Ra7 a2 53. b7
Rxc7 54. b8=Q 1-0

[Event "World Rapid Women 2025"]
[Site "Doha QAT"]
[Date "2025.12.26"]
[Round "3.28"]
[White "Toncheva, Nadya"]
[Black "Mamedjarova, Turkan"]
[Result "0-1"]
[WhiteTitle "FM"]
[BlackTitle "WGM"]
[WhiteElo "2362"]
[BlackElo "2216"]
[WhiteFideId "2924056"]
[BlackFideId "13402005"]
[EventDate "2025.12.26"]

1. e4 e5 2. Nf3 Nc6 3. Bb5 a6 4. Ba4 Nf6 5. O-O Be7 6. Re1 b5 7. Bb3 d6 8. c3
O-O 9. h3 Nb8 10. d4 Nbd7 11. Nbd2 c5 12. d5 c4 13. Bc2 Nc5 14. b4 cxb3 15. axb3
g6 16. Nf1 Nh5 17. Bh6 Re8 18. Qe2 Bf8 19. Bg5 Qc7 20. b4 Nd7 21. Bd3 Rb8 22.
Rec1 Nb6 23. N3d2 Nf4 24. Bxf4 exf4 25. Qf3 Bh6 26. c4 bxc4 27. Nxc4 Nxc4 28.
Rxc4 Qb6 29. Rc6 Qd4 30. Rac1 Qe5 31. Nd2 Qb2 32. R6c2 Qf6 33. Rc6 Bd7 34. Rxa6
Rxb4 35. Rc7 Bb5 36. Bxb5 Rxb5 37. Rd7 Qd4 38. Ra2 Qb4 39. g3 Rc5 40. gxf4 Rc3
41. Qg4 Rd3 42. Nf1 Qxe4 43. Raa7 Rf8 44. Rxd6 Qd4 45. Rdd7 Bxf4 46. Qg2 Rd1 47.
Ra3 Re8 48. d6 Bxd6 49. Raa7 Qf4 50. Rxf7 Rxf1+ 0-1